| 000 | 00590nam a22001937a 4500 | ||
|---|---|---|---|
| 005 | 20140310183652.0 | ||
| 008 | 140123b xxu||||| |||| 00| 0 eng d | ||
| 020 | _a9781582558394 | ||
| 050 |
_aRC 55 _b.H265 2004 |
||
| 245 | _aHandbook of diseases / | ||
| 250 | _a3rd ed. | ||
| 260 |
_aPhiladelphia : _bLippincott Williams & Wilkins, _cc2004. |
||
| 300 |
_a979 p. : _bill. ; _c21 cm. |
||
| 500 | _aIncludes bibliographical references and index. | ||
| 650 |
_aDiseases _xHandbooks, manuals, etc. |
||
| 700 | _aLippincott Williams & Wilkins. | ||
| 942 |
_2lcc _cBK |
||
| 999 |
_c26101 _d26101 |
||